000 00310nam a22001337a 4500
003 SGT
020 _a978-1-119-4366-4-5
082 _a535.05
_bVIT
100 _aVITHA, MARK F.
245 _aSPECTROSCOPY PRINCIPLES AND INSTRUMENTATION
260 _aUSA
_bWILEY PUB.
_c2019
300 _a322
942 _2ddc
_cBK
999 _c22402
_d22402